[Event "European Youth Chess Championship G10"]
[Site "Prague, Top Hotel Prague"]
[Date "2016.08.24"]
[Round "6.2"]
[White "Karaivanova, Petya"]
[Black "Shuqja, Klean"]
[Result "0-1"]
[WhiteElo "1534"]
[BlackElo "1513"]
[PlyCount "136"]
[EventDate "2016.08.18"]

1. e4 e5 2. Nf3 Nf6 3. Nxe5 d6 4. Nf3 Nxe4 5. Nc3 Nxc3 6. dxc3 Be7 7. Bf4 Bg4
8. Be2 Nc6 9. Qd2 a6 10. O-O-O Qd7 11. h3 Be6 12. a3 Bf6 13. Bd3 O-O-O 14. Rhe1
h6 15. Kb1 Rhe8 16. Be3 Ne5 17. Nxe5 dxe5 18. Qe2 Qc6 19. f3 Bh4 20. Rh1 f5 21.
Bf2 Bf6 22. g4 g6 23. gxf5 gxf5 24. Rhg1 Bd5 25. Bxf5+ Kb8 26. Be4 Bxe4 27.
Qxe4 Qxe4 28. fxe4 Bg5 29. h4 Bf4 30. Rxd8+ Rxd8 31. Rg6 Rd1+ 32. Ka2 b6 33.
Bg3 Rg1 34. Rg8+ Kb7 35. Bxf4 Rxg8 36. Bxe5 Rg4 37. Bf6 Rxe4 38. Kb3 b5 39. Ka2
Kc6 40. Kb1 Rf4 41. Bd4 Rxh4 42. Kc1 Kd5 43. Be3 Ke4 44. Bf2 Rh1+ 45. Kd2 Kf3
46. Be3 h5 47. Bd4 h4 48. Be5 c6 49. c4 h3 50. cxb5 cxb5 51. Kc3 Re1 52. Bd6
Re2 53. Kb3 h2 54. Bxh2 Rxh2 55. Kb4 Rxc2 56. b3 Ke4 57. Ka5 Rc6 58. b4 Kd5 59.
a4 bxa4 60. Kxa4 Kc4 61. Ka5 Rc8 62. Kxa6 Kxb4 63. Ka7 Kc5 64. Ka6 Rb8 65. Ka7
Rb1 66. Ka6 Rb2 67. Ka7 Kc6 68. Ka6 Ra2# 0-1

[Event "European Youth Chess Championship G10"]
[Site "Prague, Top Hotel Prague"]
[Date "2016.08.24"]
[Round "6.3"]
[White "Gaal, Zsoka"]
[Black "Mikheeva, Galina"]
[Result "1/2-1/2"]
[WhiteElo "1792"]
[BlackElo "1477"]
[PlyCount "106"]
[EventDate "2016.08.18"]

1. d4 d5 2. Nf3 Nf6 3. g3 Bf5 4. Bg2 c6 5. O-O h6 6. c4 e6 7. Nc3 Nbd7 8. b3
Be7 9. Bb2 O-O 10. Rc1 Rc8 11. e3 Re8 12. Qe2 Ne4 13. Nxe4 Bxe4 14. Rfd1 Bf6
15. Nd2 Bxg2 16. Kxg2 c5 17. Nf3 cxd4 18. exd4 Bg5 19. Rc2 dxc4 20. bxc4 Nb6
21. Ne5 Qc7 22. h4 Bf6 23. Ng4 Qe7 24. Nxf6+ gxf6 25. Qg4+ Kh7 26. Qe4+ f5 27.
Qd3 Qd7 28. Bc1 Rg8 29. Qe3 Rg6 30. h5 Rf6 31. Qe5 Qd8 32. Qe2 Nxc4 33. Bf4 Qa5
34. Kh2 e5 35. dxe5 Rfc6 36. Qd3 Nxe5 37. Qxf5+ Kg8 38. Bxe5 Rxc2 39. Qg4+ Kf8
40. Qg7+ Ke8 41. Qg8+ Ke7 42. Bd6+ Kf6 43. Qg4 Rxf2+ 44. Kg1 Rcc2 45. Qd4+ Kg5
46. Qh4+ Kf5 47. g4+ Ke4 48. g5+ Kf5 49. Qh3+ Kxg5 50. Kh1 Qf5 51. Be7+ f6 52.
Rg1+ Kf4 53. Qg3+ Ke4 1/2-1/2

[Event "European Youth Chess Championship G10"]
[Site "Prague, Top Hotel Prague"]
[Date "2016.08.24"]
[Round "6.4"]
[White "Oz, Irem Ezra"]
[Black "Nadzamova, Viktoria"]
[Result "0-1"]
[WhiteElo "1403"]
[BlackElo "1694"]
[PlyCount "52"]
[EventDate "2016.08.18"]

1. e4 c5 2. Nf3 d6 3. d4 cxd4 4. Nxd4 Nf6 5. Nc3 a6 6. g3 e6 7. Bg2 Be7 8. O-O
O-O 9. Be3 Qc7 10. f4 Nbd7 11. g4 Nb6 12. Nb3 Nc4 13. Bc1 Rd8 14. g5 Nd7 15.
Qh5 b5 16. a3 Bb7 17. Rf3 Nf8 18. Rd3 Qb6+ 19. Kh1 Rac8 20. Qe2 Ng6 21. Qh5 a5
22. f5 exf5 23. exf5 Qf2 24. Nd5 Bxd5 25. Rxd5 Qe1+ 26. Bf1 Qxf1# 0-1

[Event "European Youth Chess Championship G10"]
[Site "Prague, Top Hotel Prague"]
[Date "2016.08.24"]
[Round "6.5"]
[White "Ray, Hiya"]
[Black "Mihelic, Vesna"]
[Result "0-1"]
[WhiteElo "1391"]
[BlackElo "1412"]
[PlyCount "120"]
[EventDate "2016.08.18"]

1. d4 Nf6 2. c4 e6 3. Nf3 d5 4. g3 Bb4+ 5. Bd2 Be7 6. Bg2 O-O 7. O-O c6 8. Bf4
b6 9. Bxb8 Rxb8 10. Ne5 Bb7 11. Nd2 Nd7 12. Ndf3 Nxe5 13. Nxe5 f6 14. Nd3 Re8
15. Qc2 Rc8 16. e4 dxe4 17. Bxe4 f5 18. Bg2 Qxd4 19. Nf4 Bf6 20. b4 Qc3 21. Qa4
a5 22. b5 cxb5 23. Qxb5 Bxg2 24. Kxg2 Qxc4 25. Rab1 Qxb5 26. Rxb5 Bd4 27. Rd1
Bc5 28. Rd7 Rc6 29. Nh5 Re7 30. Rxc5 Rxd7 31. Rxc6 b5 32. Rxe6 Rd2 33. Rb6 b4
34. Rb8+ Kf7 35. Rb7+ Kg6 36. Nxg7 Rxa2 37. Ne6 Rb2 38. Nc5 Ra2 39. Kf3 Ra3+
40. Kf4 Ra2 41. f3 Rxh2 42. Rb6+ Kf7 43. Kxf5 Rh5+ 44. Ke4 Rxc5 45. Rb7+ Kg6
46. Rb6+ Kf7 47. Rb7+ Ke6 48. Rxh7 Rc4+ 49. Kd3 Rc3+ 50. Ke2 a4 51. Rh4 Rb3 52.
Rh1 a3 53. Ra1 Rb2+ 54. Kd3 a2 55. Kc4 b3 56. g4 Rb1 57. f4 Rxa1 58. Kxb3 Rg1
59. Kxa2 Rxg4 60. f5+ Kxf5 0-1

[Event "European Youth Chess Championship G10"]
[Site "Prague, Top Hotel Prague"]
[Date "2016.08.24"]
[Round "6.6"]
[White "Cherepanova, Evita"]
[Black "Zavivaeva, Emilia"]
[Result "0-1"]
[WhiteElo "1675"]
[BlackElo "1443"]
[PlyCount "140"]
[EventDate "2016.08.18"]

1. d4 Nf6 2. Nf3 b6 3. Bf4 g6 4. e3 Bg7 5. Be2 Bb7 6. O-O O-O 7. c4 d6 8. Nc3
Nh5 9. Bg5 h6 10. Bh4 g5 11. Nd2 Nf6 12. Bg3 Nbd7 13. b4 c5 14. a3 Nh7 15. Nb3
f5 16. Qd2 cxd4 17. Nxd4 Bxd4 18. Qxd4 e5 19. Qxd6 Rf6 20. Qd3 f4 21. exf4 exf4
22. Rad1 Nhf8 23. Bg4 Rf7 24. Nb5 Qf6 25. a4 Ne5 26. Qe2 Re7 27. Rd6 Qg7 28.
Qd1 Nxc4 29. Qb3 Qf7 30. Rd4 Ne5 31. Qxf7+ Kxf7 32. Bh5+ Kg7 33. Nd6 Kf6 34.
Rxf4+ gxf4 35. Bh4+ Ke6 36. Bxe7 Ba6 37. b5 Kxe7 38. Nf5+ Kf6 39. bxa6 Kxf5 40.
Rc1 Ne6 41. Be2 Nc5 42. Bb5 Rd8 43. g3 f3 44. h3 Rd2 45. a5 Ra2 46. axb6 axb6
47. Rb1 Nxa6 48. Bf1 Nd7 49. h4 Nac5 50. Rd1 Ke5 51. Bh3 Nf6 52. Re1+ Re2 53.
Rb1 Nfe4 54. Rxb6 Re1+ 55. Kh2 Nxf2 56. g4 Rh1+ 57. Kg3 Rxh3+ 58. Kxf2 Ne4+ 59.
Ke3 f2+ 60. Ke2 Re3+ 61. Kxe3 f1=Q 62. Rxh6 Qf4+ 63. Kd3 Qxh6 64. g5 Qd6+ 65.
Kc4 Qd4+ 66. Kb3 Qc3+ 67. Ka4 Qc4+ 68. Ka5 Kd6 69. g6 Kc6 70. g7 Qb5# 0-1

[Event "European Youth Chess Championship G10"]
[Site "Prague, Top Hotel Prague"]
[Date "2016.08.24"]
[Round "6.7"]
[White "Pawicka, Magdalena"]
[Black "Markus, Molli Amina"]
[Result "1-0"]
[WhiteElo "1501"]
[BlackElo "1324"]
[PlyCount "59"]
[EventDate "2016.08.18"]

1. e4 e6 2. d4 d5 3. Nc3 Nf6 4. e5 Nfd7 5. f4 c5 6. Nf3 a6 7. Be3 Nc6 8. Be2
cxd4 9. Nxd4 Nxd4 10. Bxd4 Bc5 11. Bxc5 Nxc5 12. Qd4 Nd7 13. O-O-O O-O 14. h4
f6 15. Bg4 Qe7 16. Nxd5 Qc5 17. Bxe6+ Kh8 18. Bxd7 Qxd4 19. Rxd4 Bxd7 20. Nb6
Bc6 21. Nxa8 Rxa8 22. Rhd1 h6 23. Rd8+ Rxd8 24. Rxd8+ Kh7 25. e6 Bxg2 26. e7
Bc6 27. e8=Q Bxe8 28. Rxe8 Kg6 29. Re7 b5 30. Ra7 1-0

[Event "European Youth Chess Championship G10"]
[Site "Prague, Top Hotel Prague"]
[Date "2016.08.24"]
[Round "6.8"]
[White "Veremiuk, Veronika"]
[Black "Vicze, Kata"]
[Result "1/2-1/2"]
[WhiteElo "1330"]
[BlackElo "1495"]
[PlyCount "121"]
[EventDate "2016.08.18"]

1. d4 d5 2. e3 Nf6 3. Nf3 Bg4 4. Be2 e6 5. O-O c5 6. Nbd2 Nc6 7. a3 Bd6 8. dxc5
Bxc5 9. b4 Bd6 10. Bb2 O-O 11. c4 Bc7 12. Rc1 Qd6 13. b5 Ne7 14. Be5 Qd7 15.
Bxc7 Qxc7 16. cxd5 Qd6 17. dxe6 Bxe6 18. Nc4 Qd8 19. Nfe5 Nfd5 20. Bg4 f5 21.
Bf3 Rc8 22. Qe2 Ng6 23. Nxg6 hxg6 24. Rfd1 a6 25. bxa6 b5 26. Bxd5 Bxd5 27. Ne5
Rxc1 28. Rxc1 Qd6 29. f4 Qxa3 30. Rb1 Qxa6 31. Qxb5 Qxb5 32. Rxb5 Be4 33. Nxg6
Rd8 34. Rb2 Rd3 35. Kf2 Kh7 36. Ne5 Rd1 37. Nf3 Kh6 38. Ng5 Bd5 39. Rd2 Bb7 40.
Nf7+ Kg6 41. Ne5+ Kh6 42. g4 Rh1 43. Kg3 Rg1+ 44. Kh3 fxg4+ 45. Nxg4+ Kh5 46.
Ne5 Bc8+ 47. Nd7 Re1 48. Kg2 Bb7+ 49. Kf2 Rh1 50. Ke2 Ba6+ 51. Kf3 Bb7+ 52. e4
Rf1+ 53. Rf2 Bxe4+ 54. Ke2 Rxf2+ 55. Kxf2 Kg4 56. Ke3 Bf5 57. Ne5+ Kh3 58. Nf3
Kg4 59. Nd4 g5 60. h3+ Kxh3 61. fxg5 1/2-1/2

[Event "European Youth Chess Championship G10"]
[Site "Prague, Top Hotel Prague"]
[Date "2016.08.24"]
[Round "6.9"]
[White "Zabrzanska, Weronika"]
[Black "Zulfugarli, Mahluga"]
[Result "1-0"]
[WhiteElo "1486"]
[BlackElo "1373"]
[PlyCount "99"]
[EventDate "2016.08.18"]

1. e4 e5 2. Nf3 Nc6 3. Bc4 Bc5 4. O-O Nf6 5. d4 Bxd4 6. Nxd4 Nxd4 7. f4 d6 8.
fxe5 dxe5 9. Bg5 Qe7 10. c3 Nc6 11. Na3 Qc5+ 12. Kh1 Bg4 13. Bxf7+ Kxf7 14.
Qxg4 Qe7 15. Qh5+ Ke6 16. Qh3+ Kf7 17. Rf2 Qe6 18. Raf1 Raf8 19. Nb5 Qxh3 20.
gxh3 Kg6 21. Bxf6 Rxf6 22. Rxf6+ gxf6 23. Nxc7 a6 24. Nd5 Rf8 25. Rg1+ Kf7 26.
h4 Ne7 27. Nxe7 Kxe7 28. Rg7+ Rf7 29. Rg8 Rf8 30. Rxf8 Kxf8 31. Kg2 Kg7 32. Kg3
Kg6 33. Kg4 h5+ 34. Kf3 f5 35. exf5+ Kxf5 36. h3 e4+ 37. Ke3 Ke5 38. c4 a5 39.
b3 b6 40. a3 Kf5 41. b4 axb4 42. axb4 Ke5 43. b5 Kf5 44. c5 Ke6 45. cxb6 Kd7
46. Kxe4 Kc8 47. Kf5 Kb7 48. Kg5 Kxb6 49. Kxh5 Kxb5 50. Kg6 1-0

[Event "European Youth Chess Championship G10"]
[Site "Prague, Top Hotel Prague"]
[Date "2016.08.24"]
[Round "6.10"]
[White "Alimova, Dana"]
[Black "Bialek, Alicja"]
[Result "0-1"]
[WhiteElo "1451"]
[BlackElo "1182"]
[PlyCount "58"]
[EventDate "2016.08.18"]

1. e4 c5 2. Nf3 d6 3. d4 cxd4 4. Nxd4 Nf6 5. Nc3 g6 6. Be3 Bg7 7. f3 O-O 8. Qd2
Nc6 9. O-O-O d5 10. Nxc6 bxc6 11. exd5 Nxd5 12. Nxd5 cxd5 13. Qxd5 Qc7 14. Qc5
Qb7 15. Bd4 Bf5 16. c3 Rfc8 17. Qa5 Bh6+ 18. Rd2 Bxd2+ 19. Kxd2 Qxb2+ 20. Ke1
Rc6 21. Qd5 Re6+ 22. Be5 Rc8 23. Qd4 Qxc3+ 24. Qxc3 Rxc3 25. Kd2 Rc2+ 26. Kd1
Rxe5 27. g4 Rd5+ 28. Ke1 Be6 29. a3 Ra2 0-1

[Event "European Youth Chess Championship G10"]
[Site "Prague, Top Hotel Prague"]
[Date "2016.08.24"]
[Round "6.11"]
[White "Anchikova, Olga"]
[Black "Puia, Alexia-Teodora"]
[Result "0-1"]
[WhiteElo "1283"]
[BlackElo "1392"]
[PlyCount "186"]
[EventDate "2016.08.18"]

1. d4 d5 2. c4 dxc4 3. e4 Nf6 4. Nc3 a6 5. Bxc4 b5 6. Bd3 e6 7. a3 Bb7 8. Bg5
h6 9. Bh4 g5 10. Bg3 c5 11. dxc5 Bxc5 12. Nf3 b4 13. Bxb8 bxc3 14. Be5 cxb2 15.
Bxb2 Rg8 16. Bxa6 Qa5+ 17. Qd2 Qxd2+ 18. Nxd2 Rxa6 19. Bxf6 Bxa3 20. Rb1 Bc8
21. Nc4 Be7 22. Be5 Ra4 23. Rc1 Bb4+ 24. Ke2 Ra2+ 25. Kf3 g4+ 26. Kg3 Ba6 27.
Rhd1 Rg5 28. Bf6 Be7 29. Bxg5 Bxg5 30. Nd6+ Kf8 31. Ra1 Be2 32. Rxa2 Bxd1 33.
Ra7 Be7 34. Rd7 Ba4 35. Ra7 Bxd6+ 36. Kxg4 Bc2 37. Ra8+ Kg7 38. Kf3 Bd1+ 39.
Ke3 Bc5+ 40. Kd2 Bb3 41. Kc3 Bd1 42. f3 Be2 43. Ra2 Bf1 44. h4 Be7 45. g3 Bb5
46. Ra5 Bf1 47. Rh5 Be2 48. Ra5 Bxf3 49. Kd4 Bb4 50. Ra1 e5+ 51. Kd5 f6 52. Rf1
Bh5 53. Rb1 Bf7+ 54. Kc6 Be8+ 55. Kd5 Bc3 56. g4 Kg6 57. Kc4 Bd2 58. Kd3 Bf4
59. Rg1 Bb5+ 60. Kc2 Be2 61. Kc3 Be3 62. Rg3 Bf4 63. Rg1 Bf3 64. Kd3 Bh2 65.
Rf1 Bxg4 66. Rf2 Bf4 67. Rg2 Kh5 68. Rg1 Kxh4 69. Rh1+ Kg5 70. Rg1 h5 71. Ra1
h4 72. Rg1 h3 73. Rf1 h2 74. Kc2 Bh3 75. Rh1 Bg2 76. Re1 Bg3 77. Rd1 Bxe4+ 78.
Kd2 h1=Q 79. Rxh1 Bxh1 80. Ke2 e4 81. Kf1 e3 82. Ke2 f5 83. Kxe3 f4+ 84. Ke2
Bg2 85. Kd1 f3 86. Kd2 f2 87. Ke2 f1=Q+ 88. Ke3 Qf4+ 89. Ke2 Qf3+ 90. Kd2 Bf4+
91. Kc2 Qa3 92. Kd1 Qa2 93. Ke1 Qd2# 0-1

[Event "European Youth Chess Championship G10"]
[Site "Prague, Top Hotel Prague"]
[Date "2016.08.24"]
[Round "6.14"]
[White "Donchenko, Ekaterina"]
[Black "Starosta, Martyna"]
[Result "0-1"]
[WhiteElo "1362"]
[BlackElo "1624"]
[PlyCount "74"]
[EventDate "2016.08.18"]

1. c4 e5 2. Nc3 Nf6 3. g3 c6 4. Bg2 d5 5. cxd5 cxd5 6. Nf3 Nc6 7. O-O Be7 8. d3
O-O 9. Bg5 h6 10. Bxf6 Bxf6 11. Qb3 d4 12. Nd5 Be7 13. Nxe7+ Qxe7 14. Rfc1 Be6
15. Qb5 f6 16. Rd1 Rfc8 17. Nd2 a6 18. Qb6 Rab8 19. Rdc1 Bd7 20. Ne4 Be8 21.
Nc5 Qc7 22. Qb3+ Bf7 23. Qc2 Qe7 24. Qd1 Nb4 25. a3 Na2 26. Rxa2 Bxa2 27. Nxb7
Be6 28. Na5 Rxc1 29. Qxc1 Rc8 30. Qd2 Qc5 31. Bb7 Qc2 32. Qb4 Qxe2 33. Qd6 Bh3
34. Qd5+ Kh8 35. Qg8+ Rxg8 36. Bg2 Qe1+ 37. Bf1 Qxf1# 0-1

[Event "European Youth Chess Championship G10"]
[Site "Prague, Top Hotel Prague"]
[Date "2016.08.24"]
[Round "6.15"]
[White "Nguyen, Phuong Thao Vivien"]
[Black "Fizerova, Lucie"]
[Result "1-0"]
[WhiteElo "1578"]
[BlackElo "1338"]
[PlyCount "101"]
[EventDate "2016.08.18"]

1. e4 c5 2. Nf3 Nc6 3. d3 g6 4. g3 Bg7 5. Bg2 e6 6. O-O d5 7. Nbd2 Nge7 8. c3
b6 9. Re1 a5 10. Nf1 h6 11. Nh4 Ra7 12. f4 Rd7 13. e5 d4 14. c4 O-O 15. Nd2 Qe8
16. Ne4 Bb7 17. Nd6 Qb8 18. Nf3 Rxd6 19. exd6 Qxd6 20. Nd2 f5 21. Qe2 Bc8 22.
Nf3 Qd8 23. Nh4 Kh7 24. Nf3 Bd7 25. h3 Nb4 26. a3 Nbc6 27. Bd2 Qc7 28. Rab1 Nc8
29. b4 axb4 30. axb4 Nd6 31. b5 Ne7 32. Ne5 Bxe5 33. fxe5 Nf7 34. h4 Rg8 35.
Ra1 g5 36. hxg5 Nxg5 37. Kf2 Nf7 38. Qh5 Ng6 39. Bxh6 Nxh6 40. Rh1 Kg7 41.
Qxh6+ Kf7 42. Ra8 Rxa8 43. Qh7+ Kf8 44. Bxa8 Nxe5 45. Qh8+ Ke7 46. Rh7+ Nf7 47.
Qg7 Be8 48. Bc6 Qc8 49. Qg8 e5 50. Rxf7+ Kd8 51. Qxe8# 1-0

[Event "European Youth Chess Championship G10"]
[Site "Prague, Top Hotel Prague"]
[Date "2016.08.24"]
[Round "6.16"]
[White "Cornileau, Juliette"]
[Black "Karacsonyi, Kata"]
[Result "1-0"]
[WhiteElo "1317"]
[BlackElo "1544"]
[PlyCount "35"]
[EventDate "2016.08.18"]

1. e4 c5 2. Nc3 Nc6 3. f4 e6 4. Nf3 Nge7 5. Bc4 g6 6. O-O Bg7 7. d3 O-O 8. Qe1
b6 9. Qh4 d5 10. Bb3 Ba6 11. Re1 Bxc3 12. bxc3 c4 13. f5 Nc8 14. f6 Nd6 15. Ba3
cxb3 16. Bxd6 Re8 17. axb3 Qxd6 18. Rxa6 1-0

[Event "European Youth Chess Championship G10"]
[Site "Prague, Top Hotel Prague"]
[Date "2016.08.24"]
[Round "6.17"]
[White "Kecskemeti, Admira Aida"]
[Black "Butenandt, Svenja"]
[Result "1/2-1/2"]
[WhiteElo "1300"]
[BlackElo "1501"]
[PlyCount "43"]
[EventDate "2016.08.18"]

1. d4 d5 2. Nf3 Nf6 3. g3 e6 4. Bg2 b5 5. Bg5 Nbd7 6. O-O Be7 7. Nfd2 c5 8.
dxc5 Bxc5 9. e4 dxe4 10. Nxe4 Bb7 11. Qe2 a6 12. Rd1 Be7 13. Nxf6+ gxf6 14.
Bxb7 Ra7 15. Qf3 fxg5 16. Nd2 Qc7 17. Bc6 O-O 18. Ne4 Ne5 19. Nf6+ Bxf6 20.
Qxf6 Nxc6 21. Qxg5+ Kh8 22. Qf6+ 1/2-1/2

[Event "European Youth Chess Championship G10"]
[Site "Prague, Top Hotel Prague"]
[Date "2016.08.24"]
[Round "6.18"]
[White "Volovich, Julia"]
[Black "Mamardashvili, Ana"]
[Result "0-1"]
[WhiteElo "1435"]
[BlackElo "1292"]
[PlyCount "146"]
[EventDate "2016.08.18"]

1. d4 d5 2. c4 e6 3. Nc3 Nf6 4. Bg5 Be7 5. e3 O-O 6. Nf3 h6 7. Bh4 Ne4 8. Bxe7
Qxe7 9. Qc2 Nxc3 10. Qxc3 Nc6 11. cxd5 exd5 12. Rc1 f6 13. Bb5 Bd7 14. O-O a6
15. Ba4 Qe4 16. Nd2 Qg6 17. Qc5 Qf5 18. Bb3 Be6 19. e4 Qf4 20. exd5 Qxd2 21.
dxe6 Rfe8 22. d5 Nd4 23. Rcd1 Nxb3 24. axb3 Qf4 25. g3 Qe5 26. Rfe1 Qd6 27. b4
a5 28. Qxd6 cxd6 29. b5 a4 30. Ra1 Ra5 31. Red1 Rea8 32. b6 Rb5 33. Rd4 Rba5
34. Kf1 Kf8 35. Ke1 Ke7 36. Kd2 Rb5 37. Raxa4 Rxa4 38. Rxa4 Rxd5+ 39. Kc3 Rb5
40. Rb4 Rxb4 41. Kxb4 Kxe6 42. Kc4 Ke5 43. f3 g6 44. h3 f5 45. Kd3 g5 46. g4 f4
47. Kc4 Ke6 48. Kd4 d5 49. Kc3 Ke5 50. Kd3 Kd6 51. Kd4 Kc6 52. Ke5 Kc5 53. b4+
Kxb4 54. Kxd5 Kb5 55. Ke5 Kxb6 56. Kf5 Kc5 57. Kg6 b5 58. Kxh6 b4 59. Kxg5 b3
60. Kxf4 b2 61. h4 b1=Q 62. h5 Qh7 63. Kg5 Qg7+ 64. Kf5 Qf7+ 65. Ke4 Qe6+ 66.
Kf4 Kd4 67. Kg5 Qe7+ 68. Kg6 Ke5 69. Kh6 Qf6+ 70. Kh7 Ke6 71. g5 Qxg5 72. h6
Kf7 73. f4 Qg8# 0-1

[Event "European Youth Chess Championship G10"]
[Site "Prague, Top Hotel Prague"]
[Date "2016.08.24"]
[Round "6.19"]
[White "Drastichova, Eliska"]
[Black "Strendeva, Viktoria"]
[Result "0-1"]
[WhiteElo "1287"]
[BlackElo "1431"]
[PlyCount "80"]
[EventDate "2016.08.18"]

1. e4 c5 2. Nc3 Nc6 3. f4 e6 4. Nf3 g6 5. Bc4 a6 6. a3 b5 7. Ba2 Bg7 8. O-O
Nge7 9. d3 Nd4 10. Bd2 O-O 11. Kh1 Bb7 12. Rb1 Rc8 13. Be3 Nxf3 14. Qxf3 Ba8
15. Qh3 d5 16. Bd2 dxe4 17. Rbd1 exd3 18. cxd3 Nf5 19. Rb1 c4 20. Rf2 Qxd3 21.
Qxd3 cxd3 22. Rd1 Nh4 23. Be1 Bd4 24. Rfd2 Be3 25. Bxh4 Bxd2 26. Rxd2 a5 27.
Rxd3 b4 28. axb4 axb4 29. Nd1 Rc2 30. Bf2 Rc1 31. h3 Be4 32. Rd2 Bc2 33. Bc5 b3
34. Bxf8 bxa2 35. Rd8 Rxd1+ 36. Rxd1 Bxd1 37. Bc5 a1=Q 38. Kh2 Qxb2 39. Kg3
Qc3+ 40. Kh2 f5 0-1

[Event "European Youth Chess Championship G10"]
[Site "Prague, Top Hotel Prague"]
[Date "2016.08.24"]
[Round "6.21"]
[White "Trgovac, Marta"]
[Black "Tsirekidze, Barbare"]
[Result "1-0"]
[WhiteElo "1277"]
[BlackElo "1382"]
[PlyCount "125"]
[EventDate "2016.08.18"]

1. c4 b6 2. Nf3 Bb7 3. d4 e6 4. Bf4 d6 5. e3 Nf6 6. Bd3 Nbd7 7. O-O Be7 8. Nc3
Nh5 9. Bg3 Nxg3 10. fxg3 O-O 11. Qc2 h6 12. d5 e5 13. e4 Nc5 14. Be2 Nd7 15. b4
Nf6 16. h3 Nh7 17. Rad1 Ng5 18. Nh4 Nh7 19. Nf5 Bc8 20. Nxe7+ Qxe7 21. Nb5 a6
22. Nc3 Qg5 23. g4 Bd7 24. Bf3 Qh4 25. a3 Ng5 26. Qf2 Nxf3+ 27. Qxf3 Qg5 28.
Ne2 Ba4 29. Rc1 Qd2 30. c5 Bb5 31. Rfe1 Bxe2 32. Qxe2 Qd4+ 33. Qe3 bxc5 34.
Qxd4 cxd4 35. Rxc7 Rfc8 36. Rec1 Rxc7 37. Rxc7 a5 38. b5 a4 39. b6 Rb8 40. b7
Kh7 41. Kf2 Kg6 42. Rd7 f6 43. Ke2 Kh7 44. Kd3 Kg6 45. Kc4 Kh7 46. Kb4 Kg6 47.
Kxa4 Kh7 48. Kb4 Kg8 49. Rc7 Kh7 50. a4 Kg6 51. a5 Kg5 52. a6 Kf4 53. a7 d3 54.
Kc3 Ke3 55. axb8=Q d2 56. Qa7+ Ke2 57. Qa1 d1=Q 58. Qxd1+ Kxd1 59. b8=Q Ke2 60.
Qb2+ Ke3 61. Qc2 Kf4 62. Qf2+ Kxe4 63. Qf3# 1-0

[Event "European Youth Chess Championship G10"]
[Site "Prague, Top Hotel Prague"]
[Date "2016.08.24"]
[Round "6.22"]
[White "Malinowska, Natalia"]
[Black "Kanteraki, Maria-Myrto"]
[Result "0-1"]
[WhiteElo "1272"]
[BlackElo "1368"]
[PlyCount "92"]
[EventDate "2016.08.18"]

1. e4 d5 2. exd5 Qxd5 3. Nc3 Qd6 4. d4 a6 5. Nf3 Nf6 6. g3 Bg4 7. Bg2 Nc6 8.
Bf4 Qd7 9. O-O O-O-O 10. Qd3 Bxf3 11. Qxf3 Qxd4 12. Rfd1 Qb6 13. Rxd8+ Nxd8 14.
b3 Nc6 15. Nd5 Nxd5 16. Qxd5 e6 17. Qd2 Bc5 18. Rf1 Rd8 19. Qc3 Bd4 20. Qf3 e5
21. Bc1 f6 22. Qg4+ Rd7 23. Bh3 Bxf2+ 24. Rxf2 Qd4 25. Qxd4 Nxd4 26. Bxd7+ Kxd7
27. Rd2 Ke6 28. Kf2 c5 29. Bb2 b5 30. Bxd4 cxd4 31. Kf3 Kd5 32. c3 e4+ 33. Kf4
g5+ 34. Kf5 d3 35. h4 b4 36. cxb4 Kd4 37. a4 e3 38. Rxd3+ Kxd3 39. hxg5 fxg5
40. b5 e2 41. Ke6 e1=Q+ 42. Kd7 axb5 43. axb5 Qb4 44. Kc6 Qxb3 45. b6 Ke3 46.
b7 Kf3 0-1

[Event "European Youth Chess Championship G10"]
[Site "Prague, Top Hotel Prague"]
[Date "2016.08.24"]
[Round "6.23"]
[White "Melenchuk, Olga"]
[Black "Poliato, Irina"]
[Result "1/2-1/2"]
[WhiteElo "1507"]
[BlackElo "1280"]
[PlyCount "120"]
[EventDate "2016.08.18"]

1. Nf3 d5 2. d4 Nf6 3. g3 e6 4. Bg2 Nbd7 5. O-O c5 6. c4 Nb6 7. cxd5 exd5 8.
dxc5 Bxc5 9. b3 O-O 10. Bb2 Bf5 11. Nc3 Ne4 12. Nd4 Nxc3 13. Bxc3 Be6 14. e3
Qd7 15. Ne2 Rfd8 16. Nf4 Qe7 17. Qd2 Rd7 18. b4 Bd6 19. Qd4 f6 20. Nxe6 Qxe6
21. Qh4 Rc7 22. Rac1 Rc4 23. Qh3 Qxh3 24. Bxh3 Bxb4 25. Bd4 Kf7 26. Rfd1 g6 27.
Bxb6 axb6 28. Rxc4 dxc4 29. Rd7+ Be7 30. Rxb7 Rxa2 31. Rxb6 Ra1+ 32. Kg2 c3 33.
Rc6 Bb4 34. Rc7+ Kf8 35. Be6 Ra6 36. Bb3 Rd6 37. Rc4 Rb6 38. Kf3 f5 39. Rc7 Bd6
40. Rxc3 Ke7 41. Bg8 Kf8 42. Rc8+ Kg7 43. Bd5 Rb5 44. Ba2 Ra5 45. Bb3 Rb5 46.
Ba4 Ra5 47. Bb3 Rb5 48. Bc4 Rb4 49. h3 Ra4 50. Bb5 Rb4 51. Bc4 Ra4 52. g4 fxg4+
53. hxg4 Ra5 54. Rc6 Bb8 55. Rb6 Bh2 56. Rb7+ Kh8 57. Rb5 Ra4 58. Be2 Kg7 59.
Kg2 Bd6 60. Rd5 Be7 1/2-1/2

[Event "European Youth Chess Championship G10"]
[Site "Prague, Top Hotel Prague"]
[Date "2016.08.24"]
[Round "6.24"]
[White "Schneider, Anna"]
[Black "Bashylina, Luisa"]
[Result "1-0"]
[WhiteElo "1332"]
[BlackElo "1664"]
[PlyCount "125"]
[EventDate "2016.08.18"]

1. e4 c5 2. Nf3 e6 3. d4 cxd4 4. Nxd4 a6 5. c4 Qc7 6. Nc3 Nf6 7. a3 Nc6 8. Be3
Be7 9. Be2 d6 10. f3 Bd7 11. Qd2 Rc8 12. Rc1 O-O 13. O-O h6 14. Rfd1 Rfd8 15.
Nd5 exd5 16. cxd5 Qa5 17. Nxc6 Qxd2 18. Nxe7+ Kf8 19. Bxd2 Kxe7 20. Bc3 Ne8 21.
Ba5 Rxc1 22. Bxd8+ Kxd8 23. Rxc1 Nc7 24. f4 f6 25. b3 Be8 26. a4 Bg6 27. Bf3
Be8 28. Re1 Bf7 29. h4 Kd7 30. Bg4+ Ke7 31. Rc1 Kd8 32. Rc4 h5 33. Bh3 g6 34.
b4 f5 35. exf5 Bxd5 36. Rd4 gxf5 37. Bxf5 Ke7 38. Bg6 Bf7 39. Bxf7 Kxf7 40.
Rxd6 Ne6 41. g3 Ke7 42. Rd5 Ng7 43. Rc5 Kd6 44. Rg5 Ne6 45. Rxh5 Nd4 46. Kf2
Nc2 47. b5 axb5 48. axb5 Nd4 49. Rh7 b6 50. h5 Nxb5 51. h6 Nd4 52. Rd7+ Kxd7
53. h7 b5 54. h8=Q Ne6 55. f5 Nd8 56. f6 b4 57. Qg7+ Kd6 58. f7 b3 59. f8=Q+
Kc6 60. Qxd8 b2 61. Qc3+ Kb7 62. Qdc7+ Ka6 63. Q3a5# 1-0

[Event "European Youth Chess Championship G10"]
[Site "Prague, Top Hotel Prague"]
[Date "2016.08.24"]
[Round "6.25"]
[White "Deleu, Karen"]
[Black "Gasparyan, Milena"]
[Result "0-1"]
[WhiteElo "1293"]
[BlackElo "1459"]
[PlyCount "106"]
[EventDate "2016.08.18"]

1. e4 c5 2. c3 d5 3. exd5 Qxd5 4. d4 Nf6 5. Nf3 Bg4 6. Be2 cxd4 7. cxd4 e6 8.
h3 Bf5 9. Nc3 Qd8 10. O-O Be7 11. Bf4 O-O 12. Re1 Nc6 13. Be5 Rc8 14. Bb5 Nd5
15. Bxc6 Rxc6 16. Nxd5 Qxd5 17. Qb3 Qxb3 18. axb3 a6 19. Rec1 Rfc8 20. Rxc6
Rxc6 21. d5 Rb6 22. dxe6 Bxe6 23. Rc1 f6 24. Bc7 Rc6 25. Rxc6 bxc6 26. Nd4 Bd5
27. Bb6 Kf7 28. Kf1 Bf8 29. f3 c5 30. Nf5 Bxb3 31. Ke2 Bc4+ 32. Kd2 Ke6 33. Ne3
Bb5 34. f4 g6 35. Kc3 Kd6 36. Nc4+ Kc6 37. Bd8 Bxc4 38. Kxc4 f5 39. g4 Bh6 40.
gxf5 gxf5 41. Bg5 Bf8 42. b3 h6 43. Bf6 Bd6 44. Be5 Bxe5 45. fxe5 f4 46. Kd3
Kd5 47. e6 Kxe6 48. Ke4 f3 49. Kxf3 Kf5 50. h4 h5 51. Ke3 Kg4 52. Ke4 Kxh4 53.
Kf4 a5 0-1

[Event "European Youth Chess Championship G10"]
[Site "Prague, Top Hotel Prague"]
[Date "2016.08.24"]
[Round "6.26"]
[White "Katter, Marlene"]
[Black "Hernandez, Tellez Claudia"]
[Result "0-1"]
[WhiteElo "1235"]
[BlackElo "1399"]
[PlyCount "140"]
[EventDate "2016.08.18"]

1. e4 e5 2. Nf3 Nc6 3. Bb5 a6 4. Ba4 Nf6 5. d3 b5 6. Bb3 Na5 7. Nxe5 Nxb3 8.
axb3 d6 9. Nf3 h6 10. O-O Be7 11. Nc3 Bb7 12. Re1 O-O 13. Ne2 c5 14. Ng3 Bc8
15. Qe2 Bd7 16. Bd2 Re8 17. Ra5 Qb6 18. Rea1 Bd8 19. R5a2 d5 20. e5 b4 21. Qf1
Ng4 22. Re1 Bc7 23. Bf4 Qb8 24. h3 Nxe5 25. Nxe5 Bxe5 26. Rxe5 Rxe5 27. Bxe5
Qxe5 28. Qe2 Qxe2 29. Nxe2 a5 30. Nf4 Bc6 31. Ra1 g5 32. Ne2 a4 33. bxa4 Rxa4
34. Rxa4 Bxa4 35. c4 dxc4 36. dxc4 Bb3 37. Kf1 Bxc4 38. Ke1 Bxe2 39. Kxe2 Kf8
40. Kd3 Ke7 41. Kc4 Kd6 42. g3 h5 43. f3 f5 44. f4 gxf4 45. gxf4 h4 46. b3 Kc6
47. Kd3 Kd5 48. Kc2 c4 49. Kb2 c3+ 50. Kc2 Ke4 51. Kd1 Kxf4 52. Ke2 c2 53. Kd2
Kg3 54. Kxc2 f4 55. Kd1 Kg2 56. Ke2 f3+ 57. Ke3 f2 58. Kd4 f1=Q 59. Kc5 Qf4 60.
Kb5 Kxh3 61. Kc5 Kg2 62. Kb5 h3 63. Kc5 h2 64. Kb5 h1=Q 65. Kc6 Qh5 66. Kd7
Qff5+ 67. Ke7 Qhg5+ 68. Kd6 Qff6+ 69. Kc7 Qgg7+ 70. Kc8 Qff8# 0-1